000 00193nam a2200085 4500
001 1257569
005 20260217103854.0
245 _aakıllı pireler
_cgülten dayıoğlu
260 _baltın kitaplar
999 _c1257569
_d1257569